000 00439nam a2200181 a 4500
001 14256
005 20180713202725.0
008 140415s1981 000 0 spa d
041 _aspa
082 _a711
_bSAL
100 1 _aSALDARRIAGA ROA, ALBERTO
245 1 0 _aHABITABILIDAD
250 _a2a ed.
260 _a[s.l.] :
_bESCALA,
_c1981
300 _a136
490 _aESCALA
_v1
650 1 4 _aREHABILITACION URBANA
999 _c14256
_d14256